000
00318nam a2200133Ia 4500
003
OSt
008
191201s2017 xx 000 0 und d
100
_a
GOEL,D.K.
245
0
_a
Fundamentals of Business Accounting BBA 1st Sem
260
_a
N. Delhi
_b
Arya Pub
_c
2017
300
_a
MISC
650
_a
BBA
942
_2
ddc
_c
BK
999
_c
6735
_d
6735